Justice Discography - Statistics

General Stats
  • This quiz has been taken 66 times
  • The average score is 61 of 93
Answer Stats
Album Titre % Correct
† (Cross) Genesis
100%
A Cross the Universe Genesis
100%
Access All Arenas Genesis
100%
† (Cross) D.A.N.C.E.
97%
A Cross the Universe D.A.N.C.E.
97%
Access All Arenas D.A.N.C.E.
97%
Woman Worldwide D.A.N.C.E.
97%
† (Cross) Stress
97%
Access All Arenas Stress
97%
Woman Worldwide Stress
97%
† (Cross) Waters of Nazareth
94%
A Cross the Universe Waters of Nazareth
94%
Access All Arenas Waters of Nazareth
94%
† (Cross) Let There Be Light
90%
† (Cross) Phantom
90%
Access All Arenas Phantom
90%
A Cross the Universe Phantom P† I
90%
A Cross the Universe Phantom P† II
90%
† (Cross) Phantom Pt. II
90%
Access All Arenas Phantom Pt. II
90%
† (Cross) Tthhee Ppaarrttyy
90%
A Cross the Universe Tthhee Ppaarrttyy
90%
† (Cross) Valentine
90%
Audio, Video, Disco Audio, Video, Disco
87%
Access All Arenas Audio, Video, Disco
87%
Woman Worldwide Audio, Video, Disco
87%
† (Cross) Newjack
87%
† (Cross) DVNO
84%
† (Cross) One Minute to Midnight
84%
Audio, Video, Disco Planisphère
81%
Woman Fire
77%
Hyperdrama Generator
77%
Audio, Video, Disco Canon
74%
Access All Arenas Canon
74%
Hyperdrama Neverender
74%
Hyperdrama Incognito
71%
Audio, Video, Disco Ohio
71%
Hyperdrama One Night/All Night
71%
Audio, Video, Disco Helix
68%
Access All Arenas Helix
68%
Audio, Video, Disco Horsepower
68%
Access All Arenas Horsepower
68%
Hyperdrama Saturnine
68%
Audio, Video, Disco Canon (Primo)
65%
Audio, Video, Disco Civilization
65%
Access All Arenas Civilization
65%
Hyperdrama Harpy dream
65%
Hyperdrama Mannequin Love
65%
Woman Pleasure
65%
Woman Randy
65%
Woman Worldwide Randy
65%
Hyperdrama The End
65%
Hyperdrama Afterimage
61%
Woman Alakazam !
61%
Hyperdrama Explorer
61%
Woman Love S.O.S.
61%
Woman Worldwide Love S.O.S.
61%
Audio, Video, Disco New Lands
61%
Access All Arenas New Lands
61%
Audio, Video, Disco Brianvision
58%
Hyperdrama Dear Alan
58%
Audio, Video, Disco On'n'On
58%
Access All Arenas On'n'On
58%
Woman Safe and Sound
58%
Woman Worldwide Safe and Sound
58%
Woman Chorus
55%
Woman Worldwide Chorus
55%
Hyperdrama Muscle Memory
55%
Audio, Video, Disco Parade
55%
Woman Stop
55%
Woman Worldwide Stop
55%
Woman Heavy Metal
52%
Woman Close Call
48%
Hyperdrama Moonlight Rendez-vous
48%
A Cross the Universe NY Excuse
45%
A Cross the Universe Intro
42%
A Cross the Universe Phantom P† I.5
39%
Audio, Video, Disco Presence
39%
A Cross the Universe D.A.N.C.E P† II
35%
A Cross the Universe Encore
35%
Access All Arenas Encore
35%
A Cross the Universe Final
35%
Woman Worldwide {Canon} X {Love S.O.S.}
26%
Woman Worldwide {Genesis} X {Phantom}
26%
A Cross the Universe Let There Be Lite
26%
Woman Worldwide {Alakazam !} X {Fire}
23%
Woman Worldwide {D.A.N.C.E.} X {Fire} X {Safe and Sound}
23%
Woman Worldwide {Heavy Metal} X {DVNO}
23%
Woman Worldwide {Pleasure} X {Newjack} X {Civilization}
23%
A Cross the Universe Waters of Nazareth (Prelude)
23%
A Cross the Universe Two Minutes to Midnight
19%
A Cross the Universe We Are Your Friends (Reprise)
19%
Woman Worldwide {Waters of Nazareth} X {We Are Your Friends} X {Phantom 2}
16%
No matching quizzes found
Score Distribution
Percent of People with Each Score
Percentile by Number Answered
Your Score History
You have not taken this quiz